Largest Municipalities in Arizona by First Letter - Statistics

General Stats
  • This quiz has been taken 15 times
  • The average score is 13 of 20
Answer Stats
First Letter County Population Municipality % Correct
P Maricopa 1,675,144 Phoenix
100%
T Pima 550,306 Tucson
100%
G Maricopa 279,569 Gilbert
93%
S Maricopa 246,068 Scottsdale
93%
Y Yuma 103,070 Yuma
93%
C Maricopa 282,048 Chandler
86%
M Maricopa 515,486 Mesa
86%
F Coconino 76,246 Flagstaff
79%
A Maricopa 96,196 Avondale
71%
L Mohave 60,511 Lake Havasu City
71%
B Maricopa 119,007 Buckeye
57%
K Mohave 36,958 Kingman
50%
O Pima 49,037 Oro Valley
50%
Q Maricopa 87,006 Queen Creek
50%
N Santa Cruz 19,669 Nogales
43%
D Cochise 15,051 Douglas
36%
H Navajo 4,831 Holbrook
36%
E Maricopa 35,780 El Mirage
29%
J Yavapai 458 Jerome
29%
W Maricopa 8,539 Wickenburg
29%
No matching quizzes found
Score Distribution
Percent of People with Each Score
Percentile by Number Answered
Your Score History
You have not taken this quiz